Statistics for US States and Countries That Start With New, South, or North

Click here to take the quiz!

General Stats

  • This quiz has been taken 87 times
  • The average score is 12 of 14

Answer Stats

HintAnswer% Correct
NewNew Jersey
97%
NewNew York
97%
NorthNorth Dakota
96%
NorthNorth Carolina
95%
NewNew Hampshire
93%
SouthSouth Carolina
92%
SouthSouth Dakota
92%
NewNew Mexico
91%
NorthNorth Korea
91%
SouthSouth Korea
88%
SouthSouth Sudan
84%
SouthSouth Africa
77%
NewNew Zealand
76%
NorthNorth Macedonia
76%

Score Distribution

Percentile by Number Answered

Percent of People with Each Score

Your Score History

You have not taken this quiz